MARC

Tag First Indicator Second Indicator Subfields
LEADER 00000cam a2200000Ia 4500
001 in00002655878
005 20210727155000.0
006 m d
007 cr cn|
008 100817s2009 gw abc ob 001 0 eng d
019 |a 508773591 
020 |a 3642004857 
020 |a 9783642004858 
020 |z 3642004849 (alk. paper) 
020 |z 9783642004841 (alk. paper) 
035 |a (OCoLC)656394867  |z (OCoLC)508773591 
035 |a (OCoLC)ocn656394867 
035 |a 3799377 
037 |a 978-3-642-00484-1  |b Springer  |n http://www.springerlink.com 
040 |a GW5XE  |b eng  |c GW5XE  |d N$T  |d OSU  |d UtOrBLW 
043 |a w------ 
049 |a TXAC 
050 1 4 |a RA566.5.T73  |b D57 2009 
060 1 4 |a 2009 H-139 
060 1 4 |a WB 710  |b D613i 2009 
082 0 4 |a 362.1969883  |2 22 
100 1 |a Dissanayake, C. B.  |0 http://id.loc.gov/authorities/names/nr88004993 
245 1 0 |a Introduction to medical geology :  |b focus on tropical environments /  |c C.B. Dissanayake, Rohana Chandrajith. 
264 1 |a Berlin ;  |a New York :  |b Springer,  |c [2009] 
264 4 |c ©2009 
300 |a [xviii], 297 pages :  |b illustrations (some color), maps (some color), portraits ;  |c 24 cm. 
336 |a text  |b txt  |2 rdacontent 
337 |a computer  |b c  |2 rdamedia 
338 |a online resource  |b cr  |2 rdacarrier 
490 1 |a Erlangen Earth conference series 
500 |a Electronic resource. 
504 |a Includes bibliographical references (pages [259]-291) and index. 
533 |a Electronic reproduction.  |b New York :  |c Springer,  |d 2010.  |n Mode of access: World Wide Web.  |n System requirements: Web browser.  |n Title from title screen (viewed on Aug. 9, 2010).  |n Access may be restricted to users at subscribing institutions. 
650 0 7 |a Tropenkrankheit.  |2 swd 
650 0 7 |a Umweltgeochemie.  |2 swd 
650 1 2 |a Topography, Medical  |x methods.  |0 https://id.nlm.nih.gov/mesh/D019371Q000379 
650 2 2 |a Environmental Exposure  |x adverse effects.  |0 https://id.nlm.nih.gov/mesh/D004781Q000009 
650 2 2 |a Environmental Health.  |0 https://id.nlm.nih.gov/mesh/D004782 
650 2 2 |a Tropical Medicine  |x methods.  |0 https://id.nlm.nih.gov/mesh/D014330Q000379 
650 0 |a Environmentally induced diseases  |z Tropics. 
650 0 |a Geology  |x Health aspects  |z Tropics. 
650 0 |a Medical geography  |z Tropics. 
651 7 |a Tropen.  |2 swd 
655 0 |a Electronic books. 
655 7 |a Electronic books.  |2 local 
700 1 |a Chandrajith, Rohana.  |0 http://id.loc.gov/authorities/names/nb2009018471 
710 2 |a SpringerLink (Online service)  |0 http://id.loc.gov/authorities/names/no2005046756 
776 1 |c Original  |z 9783642004841  |z 3642004849  |z 3642004857  |z 9783642004858  |w (DLC) 2009926840  |w (OCoLC)427610809 
830 0 |a Erlangen Earth conference series.  |0 http://id.loc.gov/authorities/names/n2005051015 
856 4 0 |u http://proxy.library.tamu.edu/login?url=https://dx.doi.org/10.1007/978-3-642-00485-8  |z Connect to the full text of this electronic book  |t 0 
994 |a 92  |b TXA 
999 |a MARS 
999 f f |s 6147527c-7ae3-3b85-a4c2-feab5a447552  |i d4bb1e0e-6c22-3636-937b-282b7d582d3e  |t 0 
952 f f |a Texas A&M University  |b College Station  |c Electronic Resources  |d Available Online  |t 0  |e RA566.5.T73 D57 2009  |h Library of Congress classification 
998 f f |a RA566.5.T73 D57 2009  |t 0  |l Available Online